[Event "PRO League Group Stage"]
[Site "chess.com INT"]
[Date "2018.02.28"]
[Round "8"]
[White "Gorozhanin, Mikhail"]
[Black "Risting, Eivind Olav"]
[Result "1-0"]
[WhiteTitle "FM"]
[BlackTitle "FM"]
[WhiteElo "2435"]
[BlackElo "2309"]
[WhiteTeam "Volga Stormbringers"]
[BlackTeam "Oslo Trolls"]
[WhiteFideId "4178262"]
[BlackFideId "1517333"]
[EventDate "2018.01.18"]

1. d4 Nf6 2. Bf4 c5 3. e3 d5 4. c3 Nc6 5. Nd2 cxd4 6. exd4 Bf5 7. Qb3 Qc8 8.
Ngf3 e6 9. h3 Be7 10. a4 b6 11. a5 Nxa5 12. Qa4+ Kf8 13. Ne5 h6 14. Be2 g5 15.
Bh2 Kg7 16. O-O Ne8 17. f4 f6 18. Ng4 Nd6 19. fxg5 hxg5 20. Rae1 Nac4 21. Nxc4
Nxc4 22. Bxc4 dxc4 23. Rxf5 exf5 24. Rxe7+ Kg6 25. Ne3 Re8 26. Nd5 Qd8 27. Bc7
Qxd5 28. Rxe8 Rxe8 29. Qxe8+ Kg7 30. Qe7+ Kg6 31. Bd6 f4 32. Kf2 Qf5 33. Qe8+
Kg7 34. Bf8+ Kg8 35. Be7+ Kg7 36. Qf8+ Kg6 37. Qg8+ Kh5 38. Qf7+ Kh4 39. Qxc4 g4
40. hxg4 Kxg4 41. Qe2+ Kg5 42. Ba3 Qd5 43. Qf3 Qb3 44. Qd3 1-0

[Event "PRO League Group Stage"]
[Site "chess.com INT"]
[Date "2018.02.28"]
[Round "8"]
[White "Villanueva, Mario"]
[Black "Van Kampen, Robin"]
[Result "0-1"]
[WhiteTitle "IM"]
[BlackTitle "GM"]
[WhiteElo "2466"]
[BlackElo "2646"]
[WhiteTeam "Buenos Aires Krakens"]
[BlackTeam "Montreal Chessbrahs"]
[WhiteFideId "113433"]
[BlackFideId "1020854"]
[EventDate "2018.01.18"]

1. e4 e5 2. Nf3 Nc6 3. Bc4 Bc5 4. c3 Nf6 5. b4 Bb6 6. d3 d6 7. a4 a5 8. b5 Ne7
9. O-O Ng6 10. Nbd2 O-O 11. Bb3 c6 12. bxc6 bxc6 13. Rb1 Bc7 14. Re1 d5 15. exd5
Nxd5 16. Ne4 h6 17. Ba3 Re8 18. d4 f5 19. Ng3 e4 20. Nd2 Nf4 21. Qc2 Nd3 22. Re3
Kh8 23. Rxd3 exd3 24. Qxd3 Qf6 25. Bc2 Be6 26. Nf3 Nf4 27. Qd2 Bd5 28. Ne5 Bxe5
29. dxe5 Qxe5 30. c4 Bxc4 31. Bb2 Ne2+ 32. Nxe2 Qe7 33. Nf4 Bf7 34. g3 Rad8 35.
Ng6+ Kh7 36. Nxe7 Rxd2 37. Bxf5+ g6 38. Bc3 Re2 39. Nxg6 Bxg6 40. Bxg6+ Kxg6 41.
Bxa5 Ra8 42. Bb6 Rxa4 43. Kg2 Re6 44. Be3 Rc4 45. Kf3 c5 46. h4 Rc6 47. g4 h5
48. gxh5+ Kxh5 49. Kg3 Rg4+ 50. Kf3 Rxh4 51. Rb5 Rc4 52. Ke2 Kg4 53. Kd3 Ra4 54.
Rxc5 Rxc5 55. Bxc5 Kf3 56. Be3 Ra8 57. Kd4 Rd8+ 58. Ke5 Re8+ 59. Kd4 Kg4 60. Kd3
Kf5 61. Ke2 Rc8 62. f3 Rc3 63. Bd2 Rb3 64. Be3 Ke5 65. Bd2 Kd4 66. Be1 Rb2+ 67.
Bd2 Ra2 68. Ke1 Kd3 69. Bf4 Ra4 70. Bg5 Ra2 71. Kf1 Kd4 72. Bf4 Kd5 73. Be3 Ke6
74. Bf4 Kf5 75. Be3 Kg6 76. Bf2 Kg5 77. Bg3 Kf5 78. Kg1 Rc2 79. Kf1 Ke6 80. Bf2
Ke5 81. Be3 Ra2 82. Kg1 Re2 83. Bg5 Kf5 84. Bh6 Re6 85. Bd2 Re2 86. Bh6 Re6 87.
Bd2 Ke5 88. Kf2 Kd4 89. Bf4 Kd3 90. Bg5 Rg6 91. f4 Ke4 92. Kg3 Kf5 93. Kf3 Rc6
94. Ke3 Re6+ 95. Kf3 Re8 96. Bh6 Rh8 97. Bg5 Rh3+ 98. Ke2 Rb3 99. Kd2 Ke4 100.
Kc2 Rf3 101. Kd2 Rf2+ 102. Kc3 Rh2 103. Kb4 Rc2 104. Kb5 Rc8 105. Kb6 Kd5 106.
f5 Ke5 107. f6 Kf5 108. Bh4 Rh8 109. f7 Ke6 110. Bf2 Kxf7 111. Kb7 Rh6 112. Bb6
Ke6 113. Bc7 Kd5 114. Ka8 Kc6 115. Bb8 Rh5 116. Ba7 Rb5 117. Bb8 Kb6 118. Ba7+
Kc7 119. Bf2 Rb2 120. Ba7 Rb3 121. Bd4 Rb8+ 122. Ka7 Rb5 123. Ka8 Rb8+ 0-1

[Event "PRO League Group Stage"]
[Site "chess.com INT"]
[Date "2018.02.28"]
[Round "8"]
[White "Villanueva, Mario"]
[Black "Kleinman, Michael"]
[Result "1-0"]
[WhiteTitle "IM"]
[BlackTitle "IM"]
[WhiteElo "2466"]
[BlackElo "2394"]
[WhiteTeam "Buenos Aires Krakens"]
[BlackTeam "Montreal Chessbrahs"]
[WhiteFideId "113433"]
[BlackFideId "2609479"]
[EventDate "2018.01.18"]

1. e4 c5 2. Nf3 e6 3. c3 d5 4. e5 d4 5. Bd3 Bd7 6. O-O Bc6 7. Re1 g5 8. g3 dxc3
9. dxc3 Qd5 10. Be2 h6 11. Nbd2 Ne7 12. Bc4 Qd7 13. Qe2 Ng6 14. Ne4 Be7 15. Rd1
Qxd1+ 16. Qxd1 Bxe4 17. Bb5+ Nc6 18. Nd2 O-O-O 19. Qe2 Bd5 20. Nc4 g4 21. Bf4
Nxf4 22. gxf4 Bf3 23. Qe3 a6 24. Bxc6 Bxc6 25. b4 b5 26. Nd6+ Bxd6 27. exd6 Rxd6
28. Qxc5 Rhd8 29. h4 Rd1+ 30. Kh2 Kb7 31. Rxd1 Rxd1 32. f5 Rd3 33. Qe7+ Kb6 34.
Qc5+ Kb7 35. f3 Rxf3 36. Qe7+ Kb6 37. Qc5+ Kb7 38. Qe7+ Kb6 39. Qc5+ Kb7 40.
Qe7+ Kb6 41. fxe6 Rh3+ 42. Kg1 g3 43. Qc5+ Kb7 44. Qxc6+ Kxc6 45. exf7 Rh2 46.
f8=Q Rxa2 47. Qc5+ 1-0

[Event "PRO League Group Stage"]
[Site "chess.com INT"]
[Date "2018.02.28"]
[Round "8"]
[White "Ly, Moulthun"]
[Black "Sevian, Samuel"]
[Result "1/2-1/2"]
[WhiteTitle "GM"]
[BlackTitle "GM"]
[WhiteElo "2480"]
[BlackElo "2614"]
[WhiteTeam "Australia Kangaroos"]
[BlackTeam "San Diego Surfers"]
[WhiteFideId "3204405"]
[BlackFideId "2040506"]
[EventDate "2018.01.18"]

1. e4 e5 2. Nf3 Nc6 3. Bc4 Bc5 4. d3 Nf6 5. O-O d6 6. c3 a6 7. a4 O-O 8. Bg5 h6
9. Bh4 g5 10. Bg3 Ba7 11. Nbd2 Bg4 12. b4 Nh5 13. b5 Ne7 14. Kh1 axb5 15. axb5
Nf4 16. Bxf4 gxf4 17. Qb3 Ng6 18. d4 Bd7 19. Rad1 Qf6 20. dxe5 dxe5 21. Qc2 Bb6
22. Be2 Be6 23. Nc4 Bc5 24. Rd2 Kh8 25. Qd1 Rg8 26. Nb2 Ra3 27. Nd3 Bd6 28. Qc1
Ra4 29. Nb4 Ne7 30. Qc2 Ra5 31. b6 Qg7 32. g3 Bh3 33. Rfd1 Rc5 34. bxc7 Bxc7 35.
Nh4 Qf6 36. Bf1 Bg4 37. Be2 Bc8 38. Bf3 fxg3 39. fxg3 Ng6 40. Nf5 Be6 41. Nd5
Bxd5 42. exd5 Ne7 43. Be4 Nxf5 44. Bxf5 Bd6 45. Be4 Rgc8 46. Rf2 Qg7 47. Rdf1
Rxc3 48. Qe2 R3c7 49. Qh5 Qg5 50. Qxg5 hxg5 51. Rxf7 Rxf7 52. Rxf7 g4 53. Rxb7
Rc1+ 54. Kg2 Re1 55. Bf5 Re2+ 56. Kh1 Re1+ 57. Kg2 Re2+ 58. Kf1 Rxh2 59. Bxg4 e4
60. Rb6 Bxg3 61. Re6 Rf2+ 62. Kg1 Rd2 63. Rxe4 Rxd5 1/2-1/2

[Event "PRO League Group Stage"]
[Site "chess.com INT"]
[Date "2018.02.28"]
[Round "8"]
[White "Gozzoli, Yannick"]
[Black "Admiraal, Miguoel"]
[Result "1-0"]
[WhiteTitle "GM"]
[BlackTitle "IM"]
[WhiteElo "2565"]
[BlackElo "2453"]
[WhiteTeam "Marseille Migraines"]
[BlackTeam "Amsterdam Mosquitoes"]
[WhiteFideId "616915"]
[BlackFideId "1019716"]
[EventDate "2018.01.18"]

1. d4 d5 2. Nf3 Nf6 3. c4 e6 4. Nc3 Be7 5. g3 Nbd7 6. Bg2 dxc4 7. O-O O-O 8. Qc2
a6 9. Rd1 Rb8 10. a4 b5 11. Ne5 Bb7 12. axb5 axb5 13. Nc6 Bxc6 14. Bxc6 b4 15.
Na4 b3 16. Qxc4 Ne5 17. Qa6 Nxc6 18. Qxc6 Rb4 19. Be3 Nd5 20. Nc3 Nxe3 21. fxe3
Qd6 22. Qf3 h6 23. Ra5 Qb6 24. Rda1 Qd6 25. Rc5 Qd7 26. Rc6 Bf6 27. Ne4 Bxd4 28.
exd4 Qxd4+ 29. Nf2 Qxb2 30. Rcc1 Qd2 31. Rab1 b2 32. Rxc7 Qd4 33. Kg2 e5 34. Qc3
Qd5+ 35. Kg1 Rb3 36. Qc2 Qb5 37. Nd3 e4 38. Rxb2 Qb6+ 39. Kg2 exd3 40. Rxb3 dxe2
41. Rxb6 e1=Q 42. Rc8 Qe4+ 43. Qxe4 Rxc8 44. Ra6 Rf8 45. Ra8 g6 46. Rxf8+ Kxf8
47. Qe5 h5 48. Qf6 Kg8 49. Kf3 Kf8 50. Kf4 Kg8 51. Kg5 Kf8 52. Kh6 Ke8 53. Kg7
Kd7 54. Kxf7 Kc7 55. Ke7 h4 56. Qd6+ Kb7 57. Kd7 g5 58. Qc6+ Ka7 59. Kc7 1-0

[Event "PRO League Group Stage"]
[Site "chess.com INT"]
[Date "2018.02.28"]
[Round "8"]
[White "Gozzoli, Yannick"]
[Black "Van der Lende, Ilias"]
[Result "1-0"]
[WhiteTitle "GM"]
[BlackTitle "FM"]
[WhiteElo "2565"]
[BlackElo "2332"]
[WhiteTeam "Marseille Migraines"]
[BlackTeam "Amsterdam Mosquitoes"]
[WhiteFideId "616915"]
[BlackFideId "1019260"]
[EventDate "2018.01.18"]

1. d4 e6 2. c4 Bb4+ 3. Bd2 a5 4. Nf3 Nf6 5. g3 d5 6. Bg2 O-O 7. O-O dxc4 8. Qc2
Nc6 9. Qxc4 Qd5 10. Qxd5 exd5 11. Bf4 Bd6 12. Bxd6 cxd6 13. Nc3 Na7 14. Ne1 Be6
15. Nd3 Nc6 16. e3 Ne7 17. Rfc1 Ra6 18. Nf4 g5 19. Nxe6 fxe6 20. Nb5 Kf7 21. Rc7
Rb6 22. a4 Rd8 23. Bf3 g4 24. Be2 h5 25. Kg2 Ne8 26. Rc3 Rc6 27. h3 Rxc3 28.
bxc3 gxh3+ 29. Kxh3 Nf6 30. Rb1 Ne4 31. Bxh5+ Kf6 32. Kg2 Nd2 33. Rh1 Nc4 34.
Bd1 Nf5 35. g4 Rg8 36. Kf1 Ne7 37. Rh6+ Rg6 38. Rh4 e5 39. Nc7 Nb2 40. Bc2 Rg7
41. Ne8+ 1-0

[Event "PRO League Group Stage"]
[Site "chess.com INT"]
[Date "2018.02.28"]
[Round "8"]
[White "Bortnyk, Olexandr"]
[Black "Khachiyan, Melikset"]
[Result "1-0"]
[WhiteTitle "GM"]
[BlackTitle "GM"]
[WhiteElo "2610"]
[BlackElo "2522"]
[WhiteTeam "Rio Grande Ospreys"]
[BlackTeam "Las Vegas Desert Rats"]
[WhiteFideId "14120828"]
[BlackFideId "13300512"]
[EventDate "2018.01.18"]

1. e4 e5 2. Nf3 Nc6 3. Bb5 f5 4. d3 fxe4 5. dxe4 Nf6 6. Nc3 Bb4 7. Qd3 d6 8. Bd2
Bxc3 9. Bxc3 O-O 10. O-O-O Qe8 11. h3 a6 12. Ba4 Nh5 13. g3 Kh8 14. Qe2 Be6 15.
Bxc6 bxc6 16. a3 h6 17. Nh4 Qf7 18. Rdg1 Nf4 19. Qe3 Nxh3 20. Rf1 Nxf2 21. Be1
Nxh1 22. Rxf7 Rxf7 23. Qg1 Bc4 24. Nf5 Rxf5 25. exf5 Bd5 26. g4 Rf8 27. Qe3 c5
28. Ba5 Rf7 29. Qd3 Bg2 30. Qb3 d5 31. Bxc7 h5 32. Qb8+ Kh7 33. Qe8 Rxc7 34.
Qxh5+ Kg8 35. Qe8+ Kh7 36. Qg6+ Kg8 37. Qe8+ Kh7 38. g5 Be4 39. Qxe5 Rc8 40.
Qh2+ Kg8 41. g6 Bxf5 42. Qh7+ Kf8 43. Qxh1 Rc6 44. Qh8+ Ke7 45. Qxg7+ Ke6 46.
Qf7+ Ke5 47. g7 1-0

[Event "PRO League Group Stage"]
[Site "chess.com INT"]
[Date "2018.02.28"]
[Round "8"]
[White "Bortnyk, Olexandr"]
[Black "Banawa, Joel"]
[Result "1-0"]
[WhiteTitle "GM"]
[BlackTitle "IM"]
[WhiteElo "2610"]
[BlackElo "2397"]
[WhiteTeam "Rio Grande Ospreys"]
[BlackTeam "Las Vegas Desert Rats"]
[WhiteFideId "14120828"]
[BlackFideId "2024055"]
[EventDate "2018.01.18"]

1. e4 e5 2. Nf3 Nc6 3. Bb5 a6 4. Ba4 Nf6 5. Qe2 b5 6. Bb3 Be7 7. O-O O-O 8. c3
d5 9. d3 Bb7 10. Rd1 h6 11. Nbd2 Re8 12. Nf1 Bf8 13. Ng3 Na5 14. Bc2 c5 15. h3
g6 16. exd5 Nxd5 17. Nxe5 Qc7 18. d4 Nc6 19. Be4 Nxe5 20. dxe5 Qxe5 21. Qf3 Rad8
22. Bf4 Qxf4 23. Qxf4 Nxf4 24. Bxb7 Ne2+ 25. Kf1 Nxg3+ 26. fxg3 Rb8 27. Rd7 Re7
28. Rxe7 Bxe7 29. Bxa6 Rb6 30. Bc8 Bf6 31. Ke2 b4 32. Kd3 Rd6+ 33. Kc2 Bg5 34.
Bb7 Rd2+ 35. Kb3 Rd3 36. Kc4 Rd2 37. Kb3 Rd3 38. a4 bxa3 39. bxa3 Bf6 40. Rc1
Rd7 41. Bc6 Rd6 42. Bb5 Bd8 43. Kc4 Bb6 44. a4 Rd8 45. Ra1 Ba5 46. Rb1 Rd2 47.
Bc6 Rc2 48. Rb3 Kg7 49. Be4 Rc1 50. Bd5 Kf6 51. Kb5 Bxc3 52. a5 c4 53. Ra3 Bd4
54. Bxc4 Rb1+ 55. Kc6 Kg7 56. a6 Rc1 57. Kd5 Bf2 58. a7 Bxa7 59. Rxa7 Rc3 60.
Kd4 Rxg3 61. Rxf7+ Kh8 62. Bd5 h5 63. Ke5 Rg5+ 64. Ke6 Rg3 65. Be4 Kg8 66. Rc7
Re3 67. Ke5 g5 68. Kf5 g4 69. hxg4 hxg4 70. Bd5+ Kf8 71. Kxg4 Re5 72. Bf3 1-0

[Event "PRO League Group Stage"]
[Site "chess.com INT"]
[Date "2018.02.28"]
[Round "8"]
[White "Maroroa, Sue"]
[Black "Meier, Georg"]
[Result "0-1"]
[WhiteTitle "WIM"]
[BlackTitle "GM"]
[WhiteElo "2102"]
[BlackElo "2647"]
[WhiteTeam "London Towers"]
[BlackTeam "Stockholm Snowballs"]
[WhiteFideId "4301498"]
[BlackFideId "4675789"]
[EventDate "2018.01.18"]

1. e4 e6 2. d4 d5 3. Nd2 c5 4. Ngf3 cxd4 5. exd5 Qxd5 6. Bc4 Qd7 7. O-O Nc6 8.
Nb3 Nf6 9. Qe2 a6 10. a4 Qc7 11. Nbxd4 Nxd4 12. Nxd4 Bd6 13. h3 O-O 14. Bd3 h6
15. a5 Rd8 16. Nb3 Bh2+ 17. Kh1 Bf4 18. Ra4 Bxc1 19. Rxc1 Bd7 20. Rc4 Qb8 21.
Rh4 Bc6 22. Re1 Rd5 23. Nd4 Qc7 24. b4 Rad8 25. Nxc6 Qxc6 26. Rf4 Rg5 27. Qf3
Qxf3 28. Rxf3 Rgd5 29. Be2 Re5 30. Re3 Rxe3 31. fxe3 Nd5 32. Bf3 Nxb4 33. Bxb7
Rb8 34. Be4 f5 35. Bd3 Nxd3 36. cxd3 Rb5 37. Ra1 Rb3 38. Rc1 Rxd3 39. Rc6 Kf7
40. Rxa6 Rxe3 41. Ra7+ Kf6 42. a6 Ra3 43. Kh2 g5 44. Ra8 h5 45. Rf8+ Ke5 46. Ra8
h4 47. Kg1 Kf4 48. Kh2 e5 49. Ra7 e4 50. Ra8 Ra2 51. Ra7 Ke3 52. Rg7 f4 53. Kg1
Ra1+ 54. Kh2 Rxa6 55. Rxg5 Rd6 56. Rh5 Kd2 57. Rxh4 e3 58. Rxf4 e2 59. Re4 e1=Q
60. Rxe1 Kxe1 61. g4 Kf2 62. h4 Kf3 63. g5 Kg4 0-1

[Event "PRO League Group Stage"]
[Site "chess.com INT"]
[Date "2018.02.28"]
[Round "8"]
[White "Maroroa, Sue"]
[Black "Diamant, Andre"]
[Result "0-1"]
[WhiteTitle "WIM"]
[BlackTitle "GM"]
[WhiteElo "2102"]
[BlackElo "2533"]
[WhiteTeam "London Towers"]
[BlackTeam "Stockholm Snowballs"]
[WhiteFideId "4301498"]
[BlackFideId "2108356"]
[EventDate "2018.01.18"]

1. e4 c5 2. Nf3 Nc6 3. Bb5 e6 4. O-O Nge7 5. Re1 a6 6. Bf1 b5 7. a4 b4 8. d4
cxd4 9. Nxd4 Nxd4 10. Qxd4 Nc6 11. Qd3 Be7 12. Nd2 O-O 13. Qg3 d5 14. exd5 exd5
15. Nf3 Bf5 16. Ne5 Nxe5 17. Qxe5 Be4 18. Bd3 Bf6 19. Qg3 Re8 20. Bd2 Be5 21.
Qh3 Bxb2 22. Rab1 Qf6 23. Bxb4 Bd4 24. Rf1 Rab8 25. c3 Ba7 26. Bxe4 dxe4 27. a5
Rb5 28. Qd7 Ra8 29. Rbd1 h5 30. Rd6 Qf5 31. Qc6 Rab8 32. Qxa6 R8b7 33. Qc6 Rxa5
34. Rdd1 Rab5 35. Qe8+ Kh7 36. Rd8 Rd5 37. Qg8+ Kg6 38. Bf8 Qxf2+ 39. Rxf2 Rb1# 0-1

[Event "PRO League Group Stage"]
[Site "chess.com INT"]
[Date "2018.02.28"]
[Round "8"]
[White "Parnali, S Dharia"]
[Black "Bernotas, Arturs"]
[Result "0-1"]
[WhiteTitle "WIM"]
[BlackTitle "FM"]
[WhiteElo "2082"]
[BlackElo "2430"]
[WhiteTeam "Mumbai Movers"]
[BlackTeam "Riga Magicians"]
[WhiteFideId "5043131"]
[BlackFideId "11601426"]
[EventDate "2018.01.18"]

1. d4 Nf6 2. c4 e6 3. g3 d5 4. Nf3 dxc4 5. Qa4+ Nbd7 6. Qxc4 a6 7. Bg2 b5 8. Qc2
Bb7 9. Bf4 c5 10. dxc5 Bxc5 11. O-O O-O 12. Nc3 Rc8 13. a3 Qb6 14. Rad1 Rfd8 15.
Qb3 h6 16. a4 b4 17. Nb1 Bd5 18. Qd3 Be4 19. Qd2 Ne5 20. Qxd8+ Rxd8 21. Rxd8+
Qxd8 22. Bxe5 Ng4 23. Nbd2 Bxf3 24. Nxf3 Qb6 25. e3 Bxe3 26. fxe3 Nxe5 27. Nd4
Nc4 28. Be4 Nxe3 29. Rc1 f5 30. Rc8+ Kh7 31. Nxe6 Qxe6 0-1

[Event "PRO League Group Stage"]
[Site "chess.com INT"]
[Date "2018.02.28"]
[Round "8"]
[White "Parnali, S Dharia"]
[Black "Kovalenko, Igor"]
[Result "0-1"]
[WhiteTitle "WIM"]
[BlackTitle "GM"]
[WhiteElo "2082"]
[BlackElo "2635"]
[WhiteTeam "Mumbai Movers"]
[BlackTeam "Riga Magicians"]
[WhiteFideId "5043131"]
[BlackFideId "14117908"]
[EventDate "2018.01.18"]

1. d4 Nf6 2. c4 e6 3. g3 c5 4. d5 exd5 5. cxd5 d6 6. Bg2 g6 7. Nc3 Bg7 8. Nf3
O-O 9. O-O Re8 10. Nd2 a6 11. a4 Nbd7 12. Nc4 Ne5 13. Ne3 Rb8 14. a5 Nfg4 15.
Nxg4 Bxg4 16. h3 Bc8 17. Qc2 b5 18. axb6 Qxb6 19. Ne4 h6 20. Bd2 Bf5 21. Bc3
Bxe4 22. Bxe4 Nd7 23. Bd3 a5 24. Qa4 Bxc3 25. bxc3 Nf6 26. c4 Qb2 27. Rfb1 Qe5
28. Qxa5 h5 29. h4 Ng4 30. Qa7 Qd4 31. Rf1 Kg7 32. Rad1 Ra8 33. Qc7 Qf6 34. Kg2
Rec8 35. Qb6 Rcb8 36. Qc7 Rb2 37. Rb1 Rxb1 38. Bxb1 Ra1 39. Qb6 Qd4 40. Qb3 Qd2
41. Bd3 Rxf1 42. Kxf1 Qc1+ 43. Kg2 Qe1 44. Qb2+ Kh7 45. e3 Ne5 46. Be2 Qb4 47.
Qc2 Kg7 48. f4 Nd7 49. Qe4 Qe1 50. Qc2 f5 51. Qb2+ Kf7 52. Qa2 Nf6 53. Qa7+ Kf8
54. Qa8+ Kg7 55. Qa7+ Kh6 56. Qa2 Ne4 57. Bd3 Qxg3+ 58. Kf1 Qf3+ 59. Ke1 Qxe3+
60. Be2 Qg3+ 61. Kf1 Qf2# 0-1

[Event "PRO League Group Stage"]
[Site "chess.com INT"]
[Date "2018.02.28"]
[Round "8"]
[White "Tang, Andrew"]
[Black "Iturrizaga Bonelli, Eduardo"]
[Result "1-0"]
[WhiteTitle "IM"]
[BlackTitle "GM"]
[WhiteElo "2513"]
[BlackElo "2650"]
[WhiteTeam "Minnesota Blizzard"]
[BlackTeam "Miami Champions"]
[WhiteFideId "2059630"]
[BlackFideId "3901211"]
[EventDate "2018.01.18"]

1. d4 Nf6 2. c4 b6 3. Nc3 Bb7 4. Qc2 d5 5. cxd5 Nxd5 6. e4 Nxc3 7. bxc3 e5 8.
Nf3 Nd7 9. Bc4 Bd6 10. Bg5 Be7 11. Be3 exd4 12. cxd4 Bb4+ 13. Kf1 O-O 14. Bg5
Qe8 15. Bb5 c6 16. Be2 c5 17. d5 Ne5 18. Rd1 Nxf3 19. gxf3 Bc8 20. h4 Bd7 21.
Qb2 f5 22. e5 Ba4 23. Rc1 f4 24. Rg1 Qd7 25. e6 Qb7 26. Bh6 g6 27. h5 Qe7 28.
Bxf8 Rxf8 29. hxg6 h6 30. g7 Rf5 31. Bd3 Rg5 32. Ke2 b5 33. Rxg5 Qxg5 34. Be4 a5
35. a3 1-0

[Event "PRO League Group Stage"]
[Site "chess.com INT"]
[Date "2018.02.28"]
[Round "8"]
[White "Tang, Andrew"]
[Black "Ludwig, John"]
[Result "1-0"]
[WhiteTitle "IM"]
[WhiteElo "2513"]
[BlackElo "2388"]
[WhiteTeam "Minnesota Blizzard"]
[BlackTeam "Miami Champions"]
[WhiteFideId "2059630"]
[BlackFideId "2075512"]
[EventDate "2018.01.18"]

1. d4 Nf6 2. c4 c5 3. d5 e6 4. Nc3 exd5 5. cxd5 d6 6. e4 g6 7. Nge2 Bg7 8. Ng3
Qe7 9. Be2 a6 10. a4 h5 11. Qc2 h4 12. Nf1 h3 13. g3 Nbd7 14. Bg5 Bh6 15. Bxh6
Rxh6 16. f4 b6 17. Ne3 Kf8 18. O-O Kg7 19. Bf3 Rb8 20. Rae1 b5 21. b3 Rh8 22.
Rf2 Re8 23. g4 Qd8 24. g5 Nh7 25. axb5 axb5 26. Ng4 f5 27. Ne3 b4 28. Ncd1 fxe4
29. Bxe4 Ndf8 30. Nb2 Qe7 31. Bd3 Qd7 32. Nbc4 Ba6 33. Kh1 Bb7 34. Be4 Re7 35.
f5 Rxe4 36. Qxe4 Nxg5 37. Qh4 Nfh7 38. Rg1 Qe8 39. f6+ Kf7 40. Nxd6+ 1-0

[Event "PRO League Group Stage"]
[Site "chess.com INT"]
[Date "2018.02.28"]
[Round "8"]
[White "Kobo, Ori"]
[Black "Demidov, Mikhail"]
[Result "1-0"]
[WhiteTitle "GM"]
[BlackTitle "IM"]
[WhiteElo "2477"]
[BlackElo "2523"]
[WhiteTeam "Oslo Trolls"]
[BlackTeam "Volga Stormbringers"]
[WhiteFideId "2812320"]
[BlackFideId "4197143"]
[EventDate "2018.01.18"]

1. Nf3 d5 2. g3 c6 3. Bg2 Bg4 4. c4 Nf6 5. O-O Nbd7 6. cxd5 cxd5 7. Nc3 Bxf3 8.
Bxf3 e6 9. d4 Be7 10. Qb3 Qb6 11. e4 Qxb3 12. axb3 dxe4 13. Nxe4 Nd5 14. Nc3
N7b6 15. Nxd5 Nxd5 16. Bxd5 exd5 17. Ra5 a6 18. Rxd5 Rd8 19. Rxd8+ Bxd8 20. Be3
Kd7 21. Kg2 Bf6 22. Rc1 Re8 23. Kf3 Re6 24. Rc3 g6 25. g4 Rb6 26. Ke4 Be7 27.
Bf4 Bd8 28. Rh3 h5 29. gxh5 gxh5 30. Rxh5 Rxb3 31. Bc1 Bf6 32. Rf5 Ke7 33. Rd5
b5 34. Rc5 Rb4 35. Rd5 Rb3 36. Rc5 Rb4 37. Be3 Rxb2 38. Rc7+ Ke8 39. Rc6 Be7 40.
Rxa6 b4 41. Rb6 Rb1 42. d5 Kd7 43. Rb7+ Ke8 44. Rb8+ Kd7 45. Rb7+ Ke8 46. Ke5
Ra1 47. Rb8+ Kd7 48. Rb7+ Ke8 49. h4 Bxh4 50. Rxb4 Be7 51. Rb8+ Kd7 52. Rb7+ Ke8
53. Rb5 Ra6 54. Bc5 Bxc5 55. Rxc5 Rh6 56. f4 Kd7 57. Ra5 Rh5+ 58. f5 Rh6 59.
Ra7+ Ke8 60. d6 Rh1 61. Ra8+ Kd7 62. Ra7+ Ke8 63. Re7+ Kf8 64. Rb7 Ke8 65. Rb8+
Kd7 66. Rb7+ Ke8 67. Rc7 Rh2 68. Rc8+ Kd7 69. Rc7+ Ke8 70. Ra7 Rh1 71. Ra6 Rh2
72. Kf6 Rh6+ 73. Kg7 Rh5 74. Ra8+ Kd7 75. f6 Kxd6 76. Kxf7 Rg5 77. Re8 Rg1 78.
Re2 Kd7 79. Rd2+ Kc6 80. Rd4 Rg2 81. Re4 Kd5 82. Re1 Kd6 83. Kf8 Rf2 84. f7 Rf3
85. Ke8 Rxf7 86. Kxf7 1-0

[Event "PRO League Group Stage"]
[Site "chess.com INT"]
[Date "2018.02.28"]
[Round "8"]
[White "Panjwani, Raja"]
[Black "Villanueva, Mario"]
[Result "0-1"]
[WhiteTitle "IM"]
[BlackTitle "IM"]
[WhiteElo "2444"]
[BlackElo "2466"]
[WhiteTeam "Montreal Chessbrahs"]
[BlackTeam "Buenos Aires Krakens"]
[WhiteFideId "2604493"]
[BlackFideId "113433"]
[EventDate "2018.01.18"]

1. Nf3 Nf6 2. c4 g6 3. Nc3 Bg7 4. e4 d6 5. d4 O-O 6. Be2 e5 7. d5 a5 8. Be3 Ng4
9. Bg5 f6 10. Bh4 Nh6 11. Nd2 Na6 12. f3 Nf7 13. Bf2 f5 14. h4 Bf6 15. Qc2 Bd7
16. a3 Nc5 17. O-O-O a4 18. Kb1 Kg7 19. g4 fxg4 20. fxg4 g5 21. h5 Nh6 22. Rhg1
Be7 23. Be3 Rf4 24. Bxf4 gxf4 25. g5 Bxg5 26. Nf3 Nf7 27. h6+ Kh8 28. Nxg5 Nxg5
29. Bh5 Qf6 30. Bg4 Bxg4 31. Rxg4 f3 32. Qf2 Qxh6 33. Qg3 Rg8 34. Rg1 Rg6 35.
Ka2 Nd3 36. Nd1 Nc1+ 37. Kb1 Ne2 38. Qe1 Nxg1 39. Rxg1 Nxe4 40. Rh1 Qf4 41. Qa5
Ng3 42. Rh3 Qf5+ 0-1

[Event "PRO League Group Stage"]
[Site "chess.com INT"]
[Date "2018.02.28"]
[Round "8"]
[White "Panjwani, Raja"]
[Black "Obregon, Andres Carlos"]
[Result "1-0"]
[WhiteTitle "IM"]
[BlackTitle "GM"]
[WhiteElo "2444"]
[BlackElo "2514"]
[WhiteTeam "Montreal Chessbrahs"]
[BlackTeam "Buenos Aires Krakens"]
[WhiteFideId "2604493"]
[BlackFideId "111724"]
[EventDate "2018.01.18"]

1. c4 e5 2. Nc3 Nf6 3. Nf3 Nc6 4. e4 Bc5 5. Nxe5 Nxe5 6. d4 Bxd4 7. Qxd4 d6 8.
Be2 O-O 9. O-O h6 10. f3 a6 11. Be3 Be6 12. Rfd1 Re8 13. b3 Nfd7 14. f4 Nc6 15.
Qd2 f5 16. exf5 Bxf5 17. Bf3 Nf6 18. Bf2 Bg4 19. Bxg4 Nxg4 20. Bg3 Qd7 21. Re1
Qf7 22. h3 Nf6 23. Bh4 Rxe1+ 24. Rxe1 Re8 25. Rxe8+ Nxe8 26. Nd5 Qe6 27. Qf2 Qe4
28. f5 Kf7 29. f6 g5 30. Bg3 Nd4 31. Ne3 Qg6 32. Ng4 Ne6 33. Qf3 h5 34. Ne3 b6
35. Nd5 h4 36. Be1 Nd4 37. Qf2 Qe4 38. Ne3 Nxf6 39. Bc3 Qf4 40. Qxf4 Ne2+ 41.
Kf2 Nxf4 42. Kf3 Nd7 43. Nf5 Nc5 44. Nxh4 Nxh3 45. gxh3 gxh4 46. Be1 Nd3 47.
Bxh4 Nc1 48. Bd8 Nxa2 49. Bxc7 Nc1 50. b4 Na2 51. Bxd6 Ke6 52. Bc7 b5 53. cxb5
axb5 54. Ba5 Nc3 55. Kf4 Nd5+ 56. Kg5 Nf6 57. h4 Ne4+ 58. Kg6 Nd6 59. h5 Nc4 60.
h6 Ne5+ 61. Kg7 Nf7 62. h7 1-0